Welcome to CU Library Online Public Access Catalogue (OPAC)

Guide to Mutual Funds (Record no. 9278)

MARC details
000 -LEADER
fixed length control field 00444nam a22001577a 4500
005 - DATE AND TIME OF LATEST TRANSACTION
control field 20260420125044.0
008 - FIXED-LENGTH DATA ELEMENTS--GENERAL INFORMATION
fixed length control field 260420b |||||||| |||| 00| 0 eng d
020 ## - INTERNATIONAL STANDARD BOOK NUMBER
International Standard Book Number 9780071342612
050 ## - LIBRARY OF CONGRESS CALL NUMBER
Classification number HG4530 ADA
100 ## - MAIN ENTRY--PERSONAL NAME
Personal name Laderman, Jeffrey M.
245 ## - TITLE STATEMENT
Title Guide to Mutual Funds
Statement of responsibility, etc. Jeffrey M. Laderman
250 ## - EDITION STATEMENT
Edition statement 9th edition
Remainder of edition statement annual
260 ## - PUBLICATION, DISTRIBUTION, ETC.
Place of publication, distribution, etc. New York
Name of publisher, distributor, etc. McGraw-Hill
Date of publication, distribution, etc. 1999
300 ## - PHYSICAL DESCRIPTION
Extent ix. 229p.
Other physical details ill. some color
Dimensions 28cm
942 ## - ADDED ENTRY ELEMENTS (KOHA)
Source of classification or shelving scheme Library of Congress Classification
Koha item type Books
Suppress in OPAC No
999 ## -
-- 9278
-- 9278
Holdings
Withdrawn status Lost status Source of classification or shelving scheme Damaged status Not for loan Collection Home library Current library Shelving location Date acquired Total checkouts Full call number Barcode Date last seen Copy number Price effective from Koha item type
    Library of Congress Classification     Non-fiction Business Library (Miotso) Business Library (Miotso) General stacks 04/20/2026   HG4530 ADA BSSM00003282 04/20/2026 1 04/20/2026 Books
    Library of Congress Classification     Non-fiction Business Library (Miotso) Business Library (Miotso) General stacks 04/20/2026   HG4530 ADA BSSM00003283 04/20/2026 2 04/20/2026 Books
© 2023-2024 Copyright: Central University Libraries. All Rights Reserved | Created by: Mahone Tech Office